000 00671nam a22002177a 4500
999 _c2639
_d2639
003 AR-CdUCM
008 190305b ||||| |||| 00| 0 spa d
040 _aMUNICIPALIDAD PROVINCIAL DEL CUSCO
_cBIBLIOTECA MUNICIPAL DEL CUSCO
082 _22ed.
_a869.96 /
_bAR69
100 _aArenal, Humberto
_99280
245 _aEl Sol a Plomo /
260 _aCuba :
_bNuevo Mundo ;
_c1959.
300 _a132 páginas ;
_c16cm
440 _aColección Comprensión de Cuba
_99281
505 _aNovela
650 _aLiteratura
_9416
650 _aLiteratura cubana
_9668
710 _aCruzada Latinoamericana de Difusión Cultural.
_99282
942 _2ddc
_cLIBROS
945 _anom